Biblioteca

Hacia un nuevo amanecer (Registro nro. 65916)

Detalles MARC
000 -LÍDER
Campo fijo de descripción fija 01348nam a2200349 i 4500
001 - NÚMERO DE CONTROL
Campo de control 768714001
003 - IDENTIFICADOR DEL NÚMERO DE CONTROL
Campo de control CO-MdFUSB
005 - FECHA Y HORA DE LA ULTIMA TRANSACCIÓN
control field 20220819113434.0
007 - CAMPO FIJO DE DESCRIPCIÓN FIJA--INFORMACIÓN GENERAL
Campo fijo de descripción fija ta
008 - ELEMENTOS DE LONGITUD FIJA -- INFORMACIÓN GENERAL
Campo fijo de descripción fija -- Información general 200528t2006 ck da||| |||| 00| 0 spa d
020 ## - NÚMERO INTERNACIONAL NORMALIZADO PARA LIBROS
Información adicional [No incluye ISBN]
040 ## - FUENTE DE CATALOGACIÓN
Agencia de catalogación original CO-MdFUSB
Idioma de catalogación spa
Agencia que realiza la transcripción CO-MdFUSB
Agencia que realiza la modificación CO-MdFUSBC
Convenciones de la descripción rda
041 ## - CÓDIGO DE IDIOMA
Código de idioma para texto/pista de sonido o título separado spa
082 ## - NÚMERO DE CLASIFICACIÓN DECIMAL DEWEY
Número de la edición del Dewey 23
Número de clasificación 306.6
Clave de autor-Numero de item H117
245 ## - TÍTULO
Título del Material Hacia un nuevo amanecer
Parte restante del título - Subtitulo : estudios socioreligioso del Municipio de Medellín Antioquia,
Fechas incluidas 2015
Mención de responsabilidad, etc. / editado por Amanecer Colombia ; colaboradores Victor Hugo . Victoria Sierra y Otto Saicedo.
264 #1 - PRODUCCIÓN, PUBLICACIÓN, DISTRIBUCIÓN, MANUFACTURA, Y COPYRIGHT
Lugar de producción, publicación, distribución, manufactura Medellín, Colombia :
Nombre del productor, publicador, distribuidor Amanecer Colombia,
Fecha de producción, publicación, distribución, manufactura, o copyright [2015]
264 #4 - PRODUCCIÓN, PUBLICACIÓN, DISTRIBUCIÓN, MANUFACTURA, Y COPYRIGHT
Fecha de producción, publicación, distribución, manufactura, o copyright ©2015
300 ## - DESCRIPCIÓN FÍSICA
Dimensiones 53 páginas ;
Extensión 28 cm
336 ## - TIPO DE CONTENIDO
Fuente rdacontent
Término de tipo de contenido texto
Código de tipo de contenido txt
337 ## - TIPO DE MEDIO
Fuente rdamedia
Nombre del tipo de medio sin mediación
Código del tipo de medio n
338 ## - TIPO DE SOPORTE
Fuente rdacarrier
Nombre del tipo de soporte volumen
Código Tipo de soporte nc
505 ## - NOTA DE CONTENIDO
Nota de contenido con formato preestablecido El avance de la iglesia -- Estado de la cosecha -- Estudios de paradigmas -- El problema del legalismo -- El concepto de iglesia -- El concepto de pastor -- Trabajo de enfoque
563 ## - NOTA DE ENCUADERNACIÓN
Nota de encuadernación Rústico
650 #7 - ASIENTO SECUNDARIO DE MATERIA - TERMINO TEMÁTICO
9 (RLIN) 405
Término temático o nombre geográfico como elemento de entrada Sociología cristiana
700 ## - ASIENTO SECUNDARIO - NOMBRE PERSONAL
Nombre personal Amanecer Colombia,
Responsabilidad editor
9 (RLIN) 5265
700 ## - ASIENTO SECUNDARIO - NOMBRE PERSONAL
9 (RLIN) 5266
Nombre personal Illidge, Victor Hugo
Responsabilidad colaborador
700 ## - ASIENTO SECUNDARIO - NOMBRE PERSONAL
9 (RLIN) 5267
Nombre personal Sierra, Victoria,
Responsabilidad colaborador
700 ## - ASIENTO SECUNDARIO - NOMBRE PERSONAL
9 (RLIN) 5268
Nombre personal Salcedo, Otto
Responsabilidad colaborador
720 ## - ASIENTO SECUNDARIO - NOMBRE NO CONTROLADO
Nombre Amanecer Colombia
Término de relación editor
942 ## - TIPO DE MATERIAL (KOHA)
Tipo de Item KOHA Libros General
945 ## - INFORMACIÓN LOCAL DEL REGISTRO
Catalogador Dani
Existencias
Estado de Material Estado de Perdido Forma de Clasificación Estado de Dañado No para Préstamo Colección Biblioteca de Origen Biblioteca Permanente Fecha de Adquisición Área Total de Préstamos Signatura Topográfica Código de Barras Última vez visto Ejemplar/Existencia Fecha de Remplazo Tipo de Material
    Dewey Decimal Classification     Colección General Biblioteca FUSBC Biblioteca FUSBC 28/05/2020 SOCIOLOGIA   G 306.6 H117h 12423 28/05/2020 Ej.1 28/05/2020 Libros General

Biblioteca FUSBC | Teléfono: (57+4) 349 88 10 Ext. 141| WhatsApp (+57) 3005338115 
E-mail: biblioteca@unisbc.edu.co | Calle 76 87-14 Robledo Palenque, Medellín, Colombia

Con tecnología Koha